000 00648nam a2200193 a 4500
001 60510
005 20180714061807.0
008 140415s2013 mx 000 0 spa d
020 _a9786078093305
041 _aspa
082 _a304.87274
_bSAL
100 1 _aSalas Alfaro, Renato,.
245 1 0 _aMIGRANTES RETORNADOS, ACTIVIDADES LABORALES Y NUEVAS HABILIDADES ADQUIRIDAS EN SAN MIGUEL COATLÁN, OAXACA
250 _a1a ed.
260 _aMÉXICO :
_bUNIVERSIDAD POPULAR AUTÓNOMA DEL ESTADO DE PUEBLA,
_c2013,
300 _a271
650 1 4 _aMIGRACIN HUMANA
_xEMPLEOS
_xOAXACA
700 1 _aCRUZ VÁSQUEZ, MIGUEL
_ecoaut.
999 _c60510
_d60510